YouTuber Quiz - Statistics

General Stats
  • This quiz has been taken 27 times
    7 since last reset
  • The average score is 5 of 24
Answer Stats
Hint Answer % Correct
IRL Youtuber(most subbed in 2024) MrBeast
100%
Minecraft Content Creator (Passed away in 2022) Technoblade
67%
Minecraft YouTuber (speedruns) Dream
50%
YouTuber who created Prime(Drink) Logan Paul
50%
Famous for popular series “Game Theory” MatPat
50%
Known for trick shots and comedic stunts Dude perfect
33%
Professional boxer and musician KSI
33%
Minecraft content and Facing Dream in 2025 Daquavis
17%
IRL YouTuber (football and stuff) iShowspeed
17%
Gamer, livestreams on twitch Kai Cenat
17%
Does Science stuff (he made the glitterbox) Mark Rober
17%
Gamer PewDiePie
17%
Largest music record label in India 🇮🇳 T-series
17%
Known for his videos about secretly living in areas Airrack
0%
Gaming content creator especially for Pokémon and Super smash bros Alpharad
0%
Known for being a Game Designer (Norway) Known for Making Crab Game Dani
0%
One of the most successful YouTubers in Brazil Felipe Neto
0%
Animator (his real name is Bryson) Haminations
0%
Animator ( 14M subs in 2025) JaidenAnimations
0%
Known for the video "If Asian had a difficulty mode" Steven He
0%
IRL YouTuber (does challenges and pranks and more than 100M subs) Stoke Twins
0%
Animator (made Webcomics) TheOdd1sOut
0%
Known for making asdf movie TomSka
0%
Known for visually captivating videos Zach King
0%
No matching quizzes found
Score Distribution
Percent of People with Each Score
Percentile by Number Answered
Your Score History
You have not taken this quiz since the last reset